[Event "HCL-E022"]
[Site "www.playchess.de"]
[Date "2001.03.26"]
[Round "9"]
[White "peze2"]
[Black "Eagle"]
[WhiteElo "2294"]
[BlackElo "2000"]
[PlyCount "45"]
[Result "1-0"]

1.c4 e5 2.Nc3 Nf6 3.g3 d6 4.Bg2 c6 5.Nf3 Nbd7 6.d4 
Be7 7.O-O O-O 8.e4 Re8 9.Re1 a6 10.a3 Bf8 11.d5 c5 
12.b4 b6 13.b5 a5 14.Bh3 Qc7 15.Nh4 {Be early for 
draw. Sorry!}  g6 16.Qd3 Bg7 17.Ng2 Rf8 18.Bg5 Kh8 
19.Bd2 Ng8 20.Rad1 Bh6 21.Re2 Bxd2 22.Qxd2 Kg7 
23.Rf1 1-0

[Event "HCL-E024"]
[Site "www.playchess.de"]
[Date "2001.03.26"]
[Round "30"]
[White "Aetos"]
[Black "GOUSGOUNIS"]
[WhiteElo "2000"]
[BlackElo "2000"]
[PlyCount "34"]
[Result "0-1"]

1.d4 Nf6 2.c4 {kali epitihia!apo pou?}  g6 {apo 
drapetsona eimai kolitos tou KARFOPOULOU. 
KARFOPOULOS & ARMAGEDON_8 einai xadelfia.}  3.Nc3 
d5 4.cxd5 Nxd5 5.e4 Nxc3 6.bxc3 c5 7.Bc4 Bg7 8.Ne2 
O-O 9.O-O Bg4 10.f3 Bd7 11.Be3 e6 12.Qc2 b5 
13.Bxe6 Bxe6 14.d5 Bd7 15.Bxc5 Re8 16.Nf4 Qc7 
17.g3 Qxc5+ 0-1

[Event "HCL-C185"]
[Site "www.playchess.de"]
[Date "2001.03.26"]
[Round "35"]
[White "curator67"]
[Black "foxzy"]
[WhiteElo "1000"]
[BlackElo "1000"]
[PlyCount "22"]
[Result "0-1"]

1.Nc3 {Hello I hope 4 good game!}  d5 2.d4 Nf6 
3.e3 g6 4.g4 Bxg4 5.f3 Be6 6.Bh3 Qd7 7.Bxe6 Qxe6 
8.Qd3 Nc6 9.Qc4 dxc4 10.Ne4 {Good move}  Nxe4 
{Thanks.}  11.fxe4 {f414479293}  
Qxe4 0-1

[Event "HCL-C192"]
[Site "www.playchess.de"]
[Date "2001.03.26"]
[Round "3"]
[White "Hubb"]
[Black "Elrond"]
[WhiteElo "1051"]
[BlackElo "1625"]
[PlyCount "84"]
[Result "0-1"]

1.e4 e5 2.Nf3 Nc6 3.Bb5 a6 4.Ba4 Nf6 5.O-O Be7 
6.Re1 b5 7.Bb3 d6 8.c3 O-O 9.h3 Bb7 10.d3 h6 
11.Nbd2 Na5 12.Bc2 c5 13.Nf1 Re8 14.Ng3 Bf8 15.Nh4 
Nxe4 16.dxe4 Qxh4 17.Nf5 Qf6 18.Qf3 Kh7 19.Bd1 g6 
20.Ng3 Qe6 21.b4 Nc4 22.Bb3 d5 23.Bxc4 dxc4 24.h4 
cxb4 25.cxb4 Bxb4 26.Qe3 Bf8 27.h5 Rad8 28.hxg6+ 
fxg6 29.Qa7 Qc6 30.Be3 Rd3 31.Rad1 Ra8 32.Qb6 Qxb6 
33.Bxb6 Rc8 34.Ne2 Bxe4 35.f3 Rxd1 36.Rxd1 Bd3 
37.Nc1 e4 38.fxe4 Bxe4 39.Rd7+ Kg8 40.Ba5 Bc6 
41.Rd4 Bc5 {I think that was the last error?!}  
42.Ne2 Re8 0-1

[Event "ACL-A087"]
[Site "www.playchess.de"]
[Date "2001.03.26"]
[Round "10"]
[White "dgrudny"]
[Black "Kasparovjr"]
[WhiteElo "1500"]
[BlackElo "1500"]
[PlyCount "52"]
[Result "0-1"]

1.e4 c5 2.Nf3 d6 3.d4 cxd4 4.Nxd4 Nf6 5.Nc3 g6 
6.Be3 Bg7 7.f3 Nc6 8.Qd2 O-O 9.O-O-O d5 10.exd5 
Nxd5 11.Nxc6 bxc6 12.Bd4 e5 13.Bc5 Be6 14.Bxf8 
Qxf8 {This is very interesting. You have a clear 
material advantage, but my bishop on g7 gives me 
compensa}  15.Kb1 Bh6 16.Qe1 Ne3 17.Rd3 Nxf1 
18.Rxf1 Bc4 19.Qxe5 Bxd3 20.cxd3 Bg7 21.Qa5 Qd6 
22.Kc2 Qxh2 23.Rf2 Qg1 24.Re2 Qf1 25.Kd2 Rb8 {Some 
blunder you made there. Did you forget to confront 
your software?}  26.b3 {I'm playing myself}  Bh6+ 
{Then I am really impressed! I am an A level 
player myself and I use computer programs 
assistance.}  0-1

[Event "HCL-E029"]
[Site "www.playchess.de"]
[Date "2001.03.26"]
[Round "9"]
[White "klypp"]
[Black "Qaurial"]
[WhiteElo "2132"]
[BlackElo "2000"]
[PlyCount "75"]
[Result "1-0"]

1.e4 c5 2.Nf3 Nc6 3.d4 cxd4 4.Nxd4 Nf6 5.Nc3 e5 
6.Nb3 Bb4 7.Bc4 O-O 8.f3 Nd4 9.Nxd4 exd4 10.Qxd4 
d5 11.Bxd5 Nxd5 12.exd5 Re8+ 13.Kf2 Bxc3 14.bxc3 
Bf5 15.Bb2 Bxc2 16.Rhe1 Qd6 17.c4 f6 18.Kg1 Bg6 
19.Rxe8+ Rxe8 20.Qxa7 Re2 21.Qa8+ Be8 22.Kf1 Re7 
23.Qa3 Qc7 24.Rc1 Rd7 25.g3 Bg6 26.Qe3 Qa5 27.Ba3 
Qa6 28.Kg2 h6 29.Qb3 Kh7 30.Re1 Qa5 31.Bb4 Qc7 
32.c5 Bf7 33.Qd3+ Kh8 34.d6 Qc6 35.a3 b6 36.Qa6 
Bd5 37.Re8+ Kh7 38.Qd3+ 1-0

[Event "HCL-A080"]
[Site "www.playchess.de"]
[Date "2001.03.26"]
[Round "18"]
[White "Dr_Marinko"]
[Black "chessnut"]
[WhiteElo "1700"]
[BlackElo "2066"]
[PlyCount "42"]
[Result "0-1"]

1.e4 {hi...and,please,no medical questions!}  e5 
2.Nf3 f5 3.Nxe5 {That was a little 
joke...sorry.Latvian gambit,cool...}  Qf6 4.d4 d6 
5.Nc4 fxe4 6.Be2 Qd8 7.O-O Nf6 8.Nc3 d5 9.Ne3 c6 
10.Bh5+ g6 11.Bg4 Nxg4 12.Nxg4 Bg7 13.Be3 O-O 
14.Nh6+ Kh8 15.f3 Qh4 16.Ng4 Bxg4 17.fxg4 Rxf1+ 
18.Qxf1 Qxg4 19.Qf7 Nd7 20.Qf4 Qxf4 21.Bxf4 
Bxd4+ 0-1

[Event "ACL-A100"]
[Site "www.playchess.de"]
[Date "2001.03.26"]
[Round "15"]
[White "mladsir"]
[Black "jalal"]
[WhiteElo "1523"]
[BlackElo "1500"]
[PlyCount "100"]
[Result "0-1"]

1.e4 e6 2.d4 d5 3.Nc3 Bb4 4.e5 Ne7 5.a3 Ba5 6.Bd3 
Nd7 7.Nf3 c5 8.dxc5 Bxc3+ 9.bxc3 Nxc5 10.O-O Qc7 
11.Bb2 Na4 12.Rb1 Nxb2 13.Rxb2 Qxc3 14.Rb3 Qc7 
15.Qe2 a6 16.h4 Bd7 17.Rfb1 Bc6 18.Nd4 O-O 19.h5 
Rac8 20.Nxc6 Nxc6 21.R3xb7 Qxe5 22.Qxe5 Nxe5 
23.Bxa6 Rxc2 24.a4 g6 25.hxg6 hxg6 26.Bb5 Ra2 
27.f3 Rc8 28.Re1 f6 29.f4 Ng4 30.Rxe6 Rxa4 31.g3 
Rb4 32.Rd6 Rb1+ 33.Kg2 Rb2+ 34.Kf3 Nh2+ 35.Ke3 
Nf1+ 36.Kd4 Rd2+ 37.Bd3 Rc4+ 38.Kxd5 Rxd3+ 39.Kxc4 
Rxd6 40.Kc5 {Congratulations! But i will still 
fight for a draw!}  Ra6 41.g4 Ne3 42.g5 fxg5 
43.fxg5 Ra5+ 44.Rb5 Rxb5+ 45.Kxb5 Kf7 46.Kc5 Ke6 
47.Kd4 Nf5+ 48.Ke4 Nd6+ 49.Kf4 Kd5 50.Kg4 
Ke4 0-1

[Event "HCL-B195"]
[Site "www.playchess.de"]
[Date "2001.03.26"]
[Round "17"]
[White "Translightor"]
[Black "GAZOLA"]
[WhiteElo "1428"]
[BlackElo "1500"]
[PlyCount "146"]
[Result "0-1"]

1.e4 {Hello & Good Luck!}  e5 {Good luck for you 
too!!it's a pleasure play with you..}  2.Nf3 {The 
pleasure is mine. Let's play samba chess!}  Nc6 
{ahah}  3.Bb5 {Romarichess, Ronaldochess, 
Rivaldochess...}  a6 {do you like soccer??}  4.Ba4 
{I am a fan of FC Barcelona, and all these cracks 
played there (or still play). What about you?}  
Nf6 {i love socce. I am a fan of Vasco da Gama, do 
you Vasco???Romario plays in Vasco!!!!}  5.d4 
{They are Brazilian Champion now, aren't they?}  
exd4 {yes they are...The major champions of 
Brazilian league are Vasco , Flamengo and 
Palmeiras...}  6.O-O {I've read that the 
Championship was badly organised this year. Did 
you, the fans, like it?}  b5 {yes it was bad 
organised but inside the field won the best...we 
dont like it but we cant do nothing.}  7.Bb3 
{Obviously it doesn't stop the players performing 
good football.}  Nxe4 8.Nxd4 Qf6 9.Nxc6 dxc6 {do 
tou some chess software ??}  10.Qe2 {Only 
ChessBase to help me in the opening. What about 
you?}  Qe5 {i have the chessmaster 7000, where did 
you get this chessbase???}  11.Re1 {Maybe it's not 
known in Brazil. It's a database of played games, 
a German product.}  f5 {ok, but dou you some that 
is good??}  12.f3 {Pardon? I haven't understood 
that question.}  Bc5+ {sorry my english is not 
perfect, i asked if you know a good chess 
software..}  13.Be3 {Well, I don't know, they beat 
me all! ChessBase + Fritz is a good combination.}  
Bd6 14.f4 Qxb2 15.Nd2 Bd7 16.Nxe4 fxe4 17.Qf2 Qf6 
18.Bd4 Qg6 19.Qg3 O-O-O 20.Qxg6 hxg6 21.c4 Bxf4 
22.g3 Bd2 23.Re2 e3 24.Bxe3 Rde8 25.Rxd2 Rxe3 
26.Rad1 Bg4 27.Rf1 Rhe8 28.Bc2 g5 29.Bf5+ Bxf5 
30.Rxf5 bxc4 31.Rc2 R3e1+ 32.Kf2 g4 33.Rg5 R1e4 
34.Rxg7 c3 35.Rg5 Rf8+ 36.Kg2 Rd8 37.Rxc3 Re2+ 
38.Kf1 Rxa2 39.Rc1 Rxh2 40.Kg1 Rdd2 41.Rxg4 Rdg2+ 
42.Kf1 Rgf2+ 43.Kg1 Rfg2+ 44.Kf1 Rga2 45.Kg1 Rhd2 
46.Rg8+ Rd8 47.Rxd8+ Kxd8 48.Rxc6 a5 49.g4 Rd2 
50.Ra6 Rd5 51.Kf2 Kc8 52.Ke3 Kb7 53.Rf6 a4 54.Rf2 
a3 55.Kf4 Ra5 56.Ra2 Kc6 57.g5 Kd6 58.g6 Ke7 59.g7 
Kf7 60.Rg2 Kg8 61.Ra2 Kxg7 62.Ke4 Kf6 63.Kd4 c5+ 
64.Kc4 Ke5 65.Re2+ Kd6 66.Ra2 Kc7 67.Kb3 Kc6 
68.Kc4 Ra4+ 69.Kc3 Kb5 70.Kb3 c4+ 71.Kc3 Ra5 
72.Ra1 a2 73.Kb2 Kb4 0-1

[Event "HCL-B192"]
[Site "www.playchess.de"]
[Date "2001.03.26"]
[Round "14"]
[White "toilet"]
[Black "deadeasy"]
[WhiteElo "1881"]
[BlackElo "1869"]
[PlyCount "65"]
[Result "1/2-1/2"]

1.e4 c5 {hello from london. i look forward to an 
interesting game}  2.Nf3 {I am from arizona...good 
luck to you!}  d6 3.d4 cxd4 4.Nxd4 Nf6 5.Nc3 g6 
6.Be3 Bg7 7.Bc4 Nc6 8.Bb3 O-O 9.f3 Bd7 10.Qd2 Rc8 
11.Nxc6 bxc6 12.O-O c5 {well i hope that is the 
end of your theory knowledge as well ;-)}  13.Qe2 
{it is :-)}  Qc7 14.Qc4 Rcb8 {i notice your set up 
is similar to the one you have v trans. is it a 
standard formula?}  15.e5 {I enjoy playing it yes. 
you know certain positions you are comfortable 
in.}  Be6 {i have found that with some openings. 
but the sicilian is new to me, i am trying the 
sheshnikov also}  16.Qe2 Nd7 17.exd6 exd6 {lots of 
thought about my last move ;-)}  18.Nb5 {obviously 
:-)}  Qb6 19.c4 Ne5 20.Nc3 Qb4 21.Nd5 Bxd5 22.cxd5 
c4 23.Bc2 Rb7 24.Rab1 Re8 25.Bf2 Rbe7 26.Qd1 Qa5 
27.a4 Nd7 {i looked at your other games in this 
div. could not understand your game with foster. 
RU +- or -+?}  28.b4 {-+ ...he dropped a piece}  
cxb3 {he seems prone to that}  29.Bxb3 Nc5 {I 
think a draw offer may be appropriate here}  
30.Bc4 {almost}  a6 31.Re1 R7xe1+ 32.Bxe1 Bc3 
33.Bf2 1/2-1/2

[Event "HCL-M013"]
[Site "www.playchess.de"]
[Date "2001.03.26"]
[Round "17"]
[White "rayschutt"]
[Black "Goofy"]
[WhiteElo "2636"]
[BlackElo "2228"]
[PlyCount "63"]
[Result "1-0"]

1.d4 {Hello Goofy !}  Nf6 {Hi from Germany!}  2.c4 
g6 3.Nc3 d5 4.Bf4 Bg7 5.e3 O-O 6.cxd5 Nxd5 7.Nxd5 
Qxd5 8.Bxc7 Nc6 9.Ne2 Bg4 10.f3 Rac8 11.Nc3 Qe6 
12.Bf4 Nxd4 13.fxg4 Rfd8 14.Bd3 Nc6 15.Qb1 Nb4 
16.Be2 Rxc3 17.bxc3 Bxc3+ 18.Kf2 Rd2 19.Rd1 Nd3+ 
20.Kf1 Nxf4 21.Rxd2 Qxe3 22.Rd8+ Kg7 23.Bc4 Nh3 
24.gxh3 Qxh3+ 25.Ke2 Qxh2+ 26.Kd1 e5 27.Rd7 Bxa1 
28.Rxf7+ Kh8 29.Qxb7 Qg1+ 30.Kc2 Qh2+ 31.Kb1 Qg1+ 
32.Bf1 1-0

[Event "HCL-B192"]
[Site "www.playchess.de"]
[Date "2001.03.26"]
[Round "35"]
[White "Dlastdon"]
[Black "jabbaman"]
[WhiteElo "1287"]
[BlackElo "1282"]
[PlyCount "80"]
[Result "0-1"]

1.c4 e5 2.Nc3 Nf6 3.e4 Bb4 4.Nf3 O-O 5.g3 d6 6.Bg2 
Bg4 7.d3 Nbd7 8.O-O h6 9.Qb3 a5 10.a3 Nc5 11.Qd1 
Bxc3 12.bxc3 Nfd7 13.Be3 a4 14.Bxc5 Nxc5 15.Rb1 
Nb3 16.Qc2 Bxf3 17.Bxf3 f5 18.Bd1 fxe4 19.dxe4 Nc5 
20.Qe2 b6 21.Qg4 Qf6 22.f4 exf4 23.Rxf4 Qxc3 
24.Rxf8+ Rxf8 25.Be2 Qxa3 26.Rf1 Qe3+ 27.Kg2 Qxe4+ 
{It's over soooon!}  28.Qxe4 {i know}  Nxe4 29.Bf3 
Nf6 30.Ra1 Rd8 31.Rxa4 d5 32.cxd5 Nxd5 33.Ra8 Ne3+ 
{VERY NICE!}  34.Kf2 {i'm trying...but it may be 
to no avail}  Ng4+ 35.Kg2 Rxa8 36.Bxa8 c5 37.Kh3 
Ne3 38.g4 c4 39.Kg3 c3 {but it's over ...}  40.Be4 
c2 {tick tick ...}  0-1

[Event "ACL-A105"]
[Site "www.playchess.de"]
[Date "2001.03.26"]
[Round "16"]
[White "Kbeza2"]
[Black "jefersonmello"]
[WhiteElo "1500"]
[BlackElo "1500"]
[PlyCount "38"]
[Result "0-1"]

1.d4 d5 2.c4 c6 3.Nc3 Bg4 4.f3 Bh5 5.e3 Nf6 6.Bd3 
dxc4 7.Bxc4 e6 8.Nge2 Nbd7 9.O-O Bd6 10.Kh1 Qc7 
11.e4 e5 12.d5 Nb6 13.Bb3 Nfd7 14.Be3 O-O 15.Rc1 
a6 16.Qd2 Kh8 17.Rfd1 c5 18.a4 f5 19.Ng3 
Bg6 0-1

[Event "HCL-B197"]
[Site "www.playchess.de"]
[Date "2001.03.26"]
[Round "1"]
[White "jabbaman"]
[Black "lennin"]
[WhiteElo "1282"]
[BlackElo "1530"]
[PlyCount "52"]
[Result "0-1"]

1.e4 e5 2.f4 Nf6 3.Nf3 Nxe4 4.fxe5 {Just wild!!!}  
d5 5.Be2 Nc6 6.O-O Bg4 7.d3 Bxf3 8.Bxf3 Bc5+ 9.Kh1 
{Really wild!}  Nf2+ 10.Rxf2 Bxf2 {yep, sorry I 
didn't see your last message. Greetings!}  11.Nc3 
{Where are you from?}  Nxe5 {Guatemala, 2 
countries away from you.}  12.Qe2 {More like 2 
worlds away! What do you work at?}  Bd4 {web 
development}  13.Nxd5 {What's your email address - 
I'll send u some of my sites. jabba@jabbaland.ca}  
O-O {lennin@conexion.com}  14.c3 Nxf3 15.Qxf3 {did 
you get my email?}  Be5 16.d4 Bd6 17.Qg4 Kh8 
18.Bg5 Qc8 19.Qh4 Qf5 20.Ne3 Qe6 21.Ng4 f5 22.Nf2 
Rae8 23.Nd3 Qe4 24.Qxe4 fxe4 25.Nc5 e3 26.Bxe3 
Rxe3 0-1

[Event "HCL-A086"]
[Site "www.playchess.de"]
[Date "2001.03.26"]
[Round "8"]
[White "Felix"]
[Black "Lydeking"]
[WhiteElo "1674"]
[BlackElo "1658"]
[PlyCount "53"]
[Result "1-0"]

1.d4 Nf6 2.c4 g6 3.Nc3 d5 4.cxd5 Nxd5 5.e4 Nxc3 
6.bxc3 Bg7 7.Bc4 O-O 8.Ne2 c5 9.O-O Nc6 10.Be3 Bg4 
11.f3 Na5 12.Bd5 Bd7 13.Rb1 Qc7 14.Bf4 Qc8 15.e5 
e6 16.Be4 Bc6 17.Qc1 f5 18.Bd3 c4 19.Bc2 {I think 
it's too early for a draw...}  b6 20.Bh6 Qd7 
21.Bxg7 Qxg7 22.Nf4 Rfe8 23.Qe1 Qh6 24.g3 g5 
25.Ng2 {:}  Re7 26.Qe2 Rf8 27.Ne3 1-0

[Event "HCL-E033"]
[Site "www.playchess.de"]
[Date "2001.03.26"]
[Round "1"]
[White "Radost"]
[Black "paule"]
[WhiteElo "1969"]
[BlackElo "1994"]
[PlyCount "36"]
[Result "1/2-1/2"]

1.c4 {hello! Good game!}  e5 {Hello! You to!}  
2.Nc3 f5 3.g3 Nf6 4.Bg2 c6 5.d4 e4 6.d5 Qb6 {6. d5 
Unexpectedly!}  7.Nh3 {Why? It has been a move of 
theory.}  Bb4 {I have not found this move in my 
books:)}  8.Bd2 Na6 9.a3 Bd6 10.b4 Be5 11.c5 Qd8 
12.dxc6 dxc6 13.Qc2 O-O {Sorry, very interesting 
position...ok?:)}  14.Rd1 Qe8 15.O-O Nc7 16.Bf4 
Bd7 17.e3 Ncd5 18.Bxe5 Qxe5 1/2-1/2

[Event "HCL-A089"]
[Site "www.playchess.de"]
[Date "2001.03.26"]
[Round "7"]
[White "Lydeking"]
[Black "mkluwe"]
[WhiteElo "1658"]
[BlackElo "1970"]
[PlyCount "26"]
[Result "0-1"]

1.e4 c5 2.d3 Nc6 3.g3 d5 4.Nd2 Nf6 5.Bg2 e5 6.exd5 
Nxd5 7.Ngf3 Be7 8.Qe2 Bg4 9.h3 Nd4 10.Qd1 Nb4 
11.O-O Nbxc2 12.Rb1 Be6 13.Nxd4 
Nxd4 0-1

[Event "HCL-A089"]
[Site "www.playchess.de"]
[Date "2001.03.26"]
[Round "10"]
[White "minkin72"]
[Black "Lydeking"]
[WhiteElo "1993"]
[BlackElo "1658"]
[PlyCount "61"]
[Result "1-0"]

1.e4 e6 2.d4 d5 3.Nd2 Nf6 4.e5 Nfd7 5.Bd3 c5 6.c3 
Nc6 7.Ne2 Qb6 8.Nf3 cxd4 9.cxd4 f6 10.exf6 Nxf6 
11.O-O Bd6 12.Nc3 O-O 13.Be3 Bd7 14.Re1 Kh8 15.Rc1 
Be8 16.Na4 Qd8 17.Nc5 Bxc5 18.Rxc5 Bh5 19.Be2 Ne4 
20.Rc1 Qe7 21.Ne5 Nxe5 22.dxe5 Bxe2 23.Rxe2 {Not 
yeat :)}  Rac8 24.f3 Ng5 25.Rxc8 Rxc8 26.Rc2 Rxc2 
27.Qxc2 h6 28.Bxa7 Qb4 29.Bf2 b5 30.Qc8+ Kh7 
31.h4 1-0

[Event "HCL-A086"]
[Site "www.playchess.de"]
[Date "2001.03.26"]
[Round "11"]
[White "peze"]
[Black "gelus"]
[WhiteElo "2005"]
[BlackElo "1904"]
[PlyCount "82"]
[Result "1/2-1/2"]

1.e4 e6 2.d4 d5 3.Nd2 dxe4 4.Nxe4 Nd7 5.Nf3 Ngf6 
6.Bd3 Nxe4 7.Bxe4 Nf6 8.Bd3 Be7 9.Qe2 O-O 10.Bg5 
c5 11.dxc5 Qa5+ 12.c3 Qxc5 13.O-O Rd8 14.Rfd1 Bd7 
15.Rd2 Be8 16.Bxf6 Bxf6 17.Qe4 g6 18.Qxb7 Bc6 
19.Qc7 e5 20.Be4 Rdc8 21.Qd6 Qxd6 22.Rxd6 Bxe4 
23.Rxf6 Rab8 24.b3 Kg7 25.Rxf7+ Kxf7 {another 
final complicated}  26.Ng5+ Ke7 27.Nxe4 Rcd8 28.f3 
h6 29.Kf2 Kd7 30.Ke3 Kc6 31.c4 a5 32.g3 a4 33.Rb1 
Rb4 34.h4 Rd7 35.Nd2 Rb8 36.b4 Rd4 37.f4 Re8 
38.Rf1 Red8 39.Nf3 R4d3+ 40.Ke4 Kb7 41.Rg1 
Kc7 1/2-1/2

[Event "HCL-A086"]
[Site "www.playchess.de"]
[Date "2001.03.26"]
[Round "33"]
[White "chessnut"]
[Black "Lydeking"]
[WhiteElo "2067"]
[BlackElo "1658"]
[PlyCount "21"]
[Result "1-0"]

1.c4 {We meet again!}  Nf6 {yes, hallo again!}  
2.g3 g6 3.Bg2 Bg7 4.Nc3 O-O 5.e4 d6 6.d4 e5 7.d5 
Nbd7 8.Nf3 Nc5 9.Qc2 a5 10.Be3 b6 
11.O-O 1-0

[Event "ACL-A106"]
[Site "www.playchess.de"]
[Date "2001.03.26"]
[Round "12"]
[White "Karl"]
[Black "chucaniam"]
[WhiteElo "1500"]
[BlackElo "1500"]
[PlyCount "26"]
[Result "0-1"]

1.e4 e5 2.Qh5 Nc6 3.Bc4 g6 4.Qf3 Nf6 5.d3 Nd4 
6.Qd1 Bg7 7.Nf3 c5 8.Ng5 O-O 9.c3 Ne6 10.Be3 Nxg5 
11.Bxg5 Qb6 12.O-O a5 13.Bxf6 Qxf6 0-1

[Event "ACL-A106"]
[Site "www.playchess.de"]
[Date "2001.03.26"]
[Round "18"]
[White "tebesius"]
[Black "SuperNova"]
[WhiteElo "1500"]
[BlackElo "1500"]
[PlyCount "28"]
[Result "0-1"]

1.c4 b6 {Hello and good luck!}  2.Nc3 Bb7 3.Nf3 
Nf6 4.d3 c5 5.e4 Nc6 6.Nd5 e6 7.Nxf6+ Qxf6 8.Bg5 
Qxb2 9.Be2 Be7 10.O-O Bxg5 11.Nxg5 Nd4 12.Kh1 Qxe2 
13.Qxe2 Nxe2 14.f4 f6 0-1

[Event "HCL-B202"]
[Site "www.playchess.de"]
[Date "2001.03.26"]
[Round "9"]
[White "LUPES"]
[Black "Colm"]
[WhiteElo "1783"]
[BlackElo "1283"]
[PlyCount "94"]
[Result "1/2-1/2"]

1.d4 {good luck-good Game!}  Nf6 {thanks same to 
you!}  2.c4 e6 3.Nf3 d5 4.Nc3 c6 5.Bg5 Nbd7 6.e3 
Qa5 7.Bxf6 Nxf6 8.Bd3 Bb4 9.Qb3 dxc4 10.Bxc4 Ne4 
11.Rc1 O-O 12.O-O Nxc3 13.bxc3 Bd6 14.Bd3 Re8 
15.Nd2 Qc7 16.f4 c5 17.Nc4 b6 18.Nxd6 Qxd6 19.Be4 
Rb8 20.Qb5 Bd7 21.Qd3 g6 22.Qc4 Rbc8 23.Rfd1 b5 
24.Qb3 c4 25.Qc2 Bc6 26.Bxc6 Qxc6 27.Rcb1 Rcb8 
28.e4 a5 29.a3 Red8 30.e5 Qc7 31.Rb2 Qe7 32.Rdb1 
Rd5 33.Ra1 Rb7 34.Qe2 Rd8 35.Qe4 b4 36.axb4 axb4 
37.Ra4 Rdb8 38.Rbxb4 R7xb4 39.cxb4 Rxb4 40.Ra8+ 
Kg7 41.Ra2 Qd7 42.Rc2 Qd5 43.Qxd5 exd5 44.Kf2 Rb3 
45.Ke2 h5 46.Ra2 Rd3 47.Rd2 Rxd2+ 1/2-1/2

[Event "HCL-A092"]
[Site "www.playchess.de"]
[Date "2001.03.26"]
[Round "12"]
[White "jmcerna"]
[Black "kiki"]
[WhiteElo "2010"]
[BlackElo "1700"]
[PlyCount "61"]
[Result "1-0"]

1.e4 e6 {hello from Greece}  2.d4 {Hello from 
Chile}  d5 3.Nd2 c5 4.Ngf3 Nc6 5.Bb5 Bd7 {what 
time is now to your country??}  6.exd5 {19:30 
Hrs.}  exd5 {00.35 here}  7.dxc5 Bxc5 8.O-O Nf6 
9.Nb3 Be7 10.Bg5 O-O 11.c3 Be6 12.Re1 a6 13.Bd3 h6 
14.Bh4 Re8 15.Nbd4 Nxd4 16.Nxd4 Bg4 17.Qc2 Rc8 
18.h3 Bd7 19.Rad1 Bc5 20.Nf5 b5 21.Rxe8+ Qxe8 
22.Bxf6 gxf6 23.Nxh6+ Kg7 24.Nf5+ Bxf5 25.Bxf5 Rc7 
26.Qd3 Qh8 27.Qg3+ Kf8 28.Qxc7 Bxf2+ 29.Kxf2 Qh4+ 
30.Qg3 Qh5 31.Rxd5 1-0

[Event "HCL-C201"]
[Site "www.playchess.de"]
[Date "2001.03.26"]
[Round "27"]
[White "Toady"]
[Black "Smutje"]
[WhiteElo "1000"]
[BlackElo "931"]
[PlyCount "75"]
[Result "1-0"]

1.e4 e5 2.Nf3 f5 3.Bd3 f4 4.O-O Qf6 5.Nc3 c6 6.b3 
Qg6 7.Nxe5 Qg5 8.Nc4 h5 9.e5 b5 10.Nd6+ Kd8 
11.Nf7+ Kc7 {shit!}  12.Nxg5 Rh6 13.Nf7 Rg6 
14.Bxg6 Ne7 15.Bxh5 d5 16.d4 Be6 17.Ba3 Nd7 
18.Bxe7 Bxe7 19.a4 b4 20.Na2 Rf8 21.Nxb4 Bxb4 
22.Ng5 Rh8 23.Bg4 Bxg4 24.Qxg4 a5 25.Qxf4 Rh5 
26.e6+ Bd6 27.Qg4 Rxh2 28.exd7 Rh8 29.Nf7 Bh2+ 
30.Kh1 Rh7 31.d8Q+ {%}  Kb7 32.Qdh4 Rxh4 33.Qxh4 
Bc7 34.Qe7 g5 35.Nxg5 c5 36.Ne6 cxd4 37.Qxc7+ Ka6 
38.Nc5+ 1-0

[Event "HCL-B202"]
[Site "www.playchess.de"]
[Date "2001.03.26"]
[Round "13"]
[White "Colm"]
[Black "class58"]
[WhiteElo "1283"]
[BlackElo "1805"]
[PlyCount "54"]
[Result "0-1"]

1.d4 {good luck}  d5 2.c4 dxc4 3.Nc3 Bf5 4.e4 Bg6 
5.Bxc4 e6 6.Nf3 Nd7 7.O-O Nb6 8.Bb3 Bh5 9.Bf4 c6 
10.Qd3 Bxf3 11.Qxf3 Qxd4 12.Rfd1 Qb4 13.Rd3 Nf6 
14.Rad1 Be7 15.R3d4 Qa5 16.Bc7 O-O 17.Bc2 Rac8 
18.Bxb6 axb6 19.Qg3 Rfd8 20.e5 Nd5 21.Ne4 Qxa2 
22.Nd6 Bxd6 23.Bxh7+ Kxh7 24.Rh4+ Kg8 25.exd6 Qxb2 
26.f3 Ne3 27.Re1 Nf5 0-1

[Event "HCL-B202"]
[Site "www.playchess.de"]
[Date "2001.03.26"]
[Round "27"]
[White "uneek"]
[Black "class58"]
[WhiteElo "1191"]
[BlackElo "1805"]
[PlyCount "58"]
[Result "0-1"]

1.d4 {Hello}  d5 {ciao and gl}  2.Nf3 Bf5 3.c4 
dxc4 4.Nc3 e6 5.e4 Bg4 6.Be2 Bb4 7.O-O c6 8.Qa4 a5 
9.Nd1 Bxf3 10.Bxf3 Qxd4 11.Ne3 b5 12.Qd1 Qxd1 
13.Rxd1 Nd7 14.Bd2 Ne5 15.Be2 Nf6 16.Bxb4 axb4 
17.f4 Ng6 18.f5 Ne5 19.h3 Nxe4 20.fxe6 fxe6 21.Ng4 
Ng3 22.Nxe5 Nxe2+ 23.Kh2 c3 24.bxc3 bxc3 25.Rde1 
Nd4 26.Rec1 Ra3 27.Rcd1 {Just killing me here!  At 
least one of us played well...}  c5 28.Rd3 Rf8 
29.Rc1 b4 0-1

[Event "HCL-C203"]
[Site "www.playchess.de"]
[Date "2001.03.26"]
[Round "19"]
[White "milton"]
[Black "Martinio"]
[WhiteElo "1000"]
[BlackElo "1331"]
[PlyCount "22"]
[Result "0-1"]

1.e4 e5 2.Qf3 Nf6 3.c3 d5 4.exd5 Bg4 5.Qd3 Qxd5 
6.Qg3 Nc6 7.h3 Bf5 8.c4 Qe4+ 9.Ne2 Nb4 10.Na3 Nd3+ 
11.Kd1 Bxa3 0-1

[Event "HCL-B204"]
[Site "www.playchess.de"]
[Date "2001.03.26"]
[Round "4"]
[White "Translightor"]
[Black "chucaniam"]
[WhiteElo "1474"]
[BlackElo "1500"]
[PlyCount "43"]
[Result "1-0"]

1.e4 {Hello & Good Luck!}  e6 2.d4 d5 3.Nd2 Nf6 
4.e5 Nfd7 5.c3 c5 6.Bd3 Be7 7.Ngf3 O-O 8.O-O c4 
9.Bc2 Nc6 10.h3 f6 11.Re1 fxe5 12.Nxe5 Ncxe5 
13.dxe5 Bc5 14.Nf3 Qc7 15.Be3 Nxe5 16.Nxe5 Bxe3 
17.Rxe3 Rf6 18.Qh5 g6 19.Bxg6 hxg6 20.Nxg6 Qh7 
21.Ne7+ Kh8 22.Qe8+ 1-0

[Event "HCL-A094"]
[Site "www.playchess.de"]
[Date "2001.03.26"]
[Round "25"]
[White "minkin72"]
[Black "Gorodish"]
[WhiteElo "2034"]
[BlackElo "1733"]
[PlyCount "56"]
[Result "0-1"]

1.d4 Nf6 2.c4 g6 3.Nc3 Bg7 4.e4 d6 5.f3 O-O 6.Be3 
e5 7.Nge2 Na6 8.Qd2 Qe7 9.dxe5 dxe5 10.Nd5 Qe6 
11.b4 Rd8 12.Ng1 c6 13.b5 cxb5 14.cxb5 Nxd5 
15.bxa6 Nxe3 16.Qxd8+ Bf8 17.Rc1 Kg7 18.Kf2 Ba3 
19.Rc3 Be7 20.Qd3 Nxf1 21.Kxf1 Qxa2 22.Ne2 b6 
23.Qc2 Qxc2 24.Rxc2 Bxa6 25.Kf2 Bc5+ 26.Kg3 Bxe2 
27.Rxe2 f5 28.exf5 gxf5 0-1

[Event "HCL-E033"]
[Site "www.playchess.de"]
[Date "2001.03.26"]
[Round "21"]
[White "peze2"]
[Black "nepper"]
[WhiteElo "2354"]
[BlackElo "1619"]
[PlyCount "20"]
[Result "0-1"]

1.e4 c6 2.d4 d5 3.Nd2 dxe4 {good luck}  4.Nxe4 Nf6 
5.Nxf6+ gxf6 6.c3 Bf5 7.Nf3 Qc7 8.g3 Nd7 9.Bg2 
O-O-O 10.O-O e6 0-1

[Event "HCL-E026"]
[Site "www.playchess.de"]
[Date "2001.03.26"]
[Round "6"]
[White "peze2"]
[Black "nepper"]
[WhiteElo "2354"]
[BlackElo "1619"]
[PlyCount "20"]
[Result "0-1"]

1.c4 e6 2.Nc3 Bb4 3.Qb3 Nc6 {good luck}  4.Nf3 Nf6 
5.d4 d5 6.a3 Be7 7.cxd5 exd5 8.Bg5 O-O 9.e3 Na5 
10.Qc2 h6 0-1